9 Random Missing Countries on a Map - Statistics

General Stats
  • This quiz has been taken 196 times
  • The average score is 8 of 9
Answers on the Map
Answers color-coded by a green-red scale on the quiz's map according to % correct below.
 
Answer Stats
Country % Correct
Afghanistan
100%
Algeria
100%
Angola
100%
Argentina
100%
Australia
100%
Austria
100%
Azerbaijan
100%
Bangladesh
100%
Belarus
100%
Belgium
100%
Bhutan
100%
Bolivia
100%
Bosnia and Herzegovina
100%
Botswana
100%
Brazil
100%
Canada
100%
Central African Republic
100%
Chad
100%
Chile
100%
China
100%
Colombia
100%
Costa Rica
100%
Cuba
100%
Democratic Republic of the Congo
100%
Egypt
100%
El Salvador
100%
Ethiopia
100%
France
100%
Gambia
100%
Germany
100%
Ghana
100%
Guatemala
100%
Haiti
100%
Hungary
100%
India
100%
Indonesia
100%
Iran
100%
Iraq
100%
Ireland
100%
Italy
100%
Ivory Coast
100%
Japan
100%
Kazakhstan
100%
Kenya
100%
Kiribati
100%
Kosovo
100%
Kyrgyzstan
100%
Libya
100%
Lithuania
100%
Madagascar
100%
Malawi
100%
Mali
100%
Mauritania
100%
Mexico
100%
Moldova
100%
Mongolia
100%
Morocco
100%
Myanmar
100%
Namibia
100%
Nepal
100%
Nicaragua
100%
Niger
100%
Nigeria
100%
North Korea
100%
Norway
100%
Oman
100%
Pakistan
100%
Panama
100%
Paraguay
100%
Peru
100%
Qatar
100%
Romania
100%
Russia
100%
Saudi Arabia
100%
Serbia
100%
Sierra Leone
100%
South Africa
100%
South Korea
100%
South Sudan
100%
Spain
100%
Sudan
100%
Suriname
100%
Sweden
100%
Switzerland
100%
Syria
100%
Taiwan
100%
Thailand
100%
Turkey
100%
Turkmenistan
100%
Uganda
100%
Ukraine
100%
United Kingdom
100%
United States
100%
Uzbekistan
100%
Venezuela
100%
Zambia
100%
Zimbabwe
100%
Slovakia
90%
Benin
89%
Cameroon
89%
Greece
89%
Guinea
89%
Laos
89%
Poland
89%
Eritrea
88%
Guyana
88%
Iceland
88%
Slovenia
88%
Vietnam
87%
Cambodia
86%
Finland
86%
Liberia
86%
Armenia
83%
Bulgaria
83%
Cape Verde
83%
Croatia
83%
Ecuador
83%
Guinea-Bissau
83%
Mozambique
83%
Tajikistan
83%
Togo
83%
Burundi
80%
Czech Republic
80%
Honduras
80%
Latvia
80%
Malaysia
80%
New Zealand
80%
North Macedonia
80%
Papua New Guinea
80%
Samoa
80%
Senegal
80%
Somalia
80%
Yemen
80%
Denmark
75%
Dominican Republic
75%
Estonia
75%
Gabon
75%
Lesotho
75%
Mauritius
75%
Portugal
75%
Tonga
75%
Cyprus
71%
Jordan
71%
Netherlands
71%
Palau
71%
United Arab Emirates
71%
Marshall Islands
70%
Albania
67%
Bahamas
67%
Burkina Faso
67%
Georgia
67%
Montenegro
67%
Republic of the Congo
67%
Eswatini
62%
Fiji
60%
Malta
60%
Tuvalu
60%
Vanuatu
60%
Nauru
57%
Rwanda
57%
Tunisia
57%
Belize
50%
Jamaica
50%
Maldives
50%
Micronesia
50%
São Tomé and Príncipe
50%
Solomon Islands
50%
Tanzania
50%
Philippines
44%
East Timor
43%
Djibouti
40%
Equatorial Guinea
40%
Trinidad and Tobago
40%
Comoros
33%
Israel
33%
Luxembourg
33%
Seychelles
33%
Lebanon
25%
Kuwait
14%
Sri Lanka
0%
Uruguay
0%
No matching quizzes found
Score Distribution
Percent of People with Each Score
Percentile by Number Answered
Your Score History
You have not taken this quiz